[Event "EGY-ch (Women)"]
[Site "Giza"]
[Date "2022.09.11"]
[Round "3"]
[White "Antar, Safaa"]
[Black "Mohamed Abdel Salam, Salma"]
[Result "0-1"]
[WhiteElo "1484"]
[BlackElo "1166"]
[PlyCount "58"]
[EventDate "2022.09.10"]
[EventType "swiss"]
[EventRounds "9"]
[EventCountry "EGY"]
[SourceTitle "EXT 2023"]
[Source "ChessBase"]
[SourceDate "2022.10.05"]
[SourceVersion "1"]
[SourceVersionDate "2022.10.05"]
[SourceQuality "1"]

1. d4 Nf6 2. Nf3 e6 3. e3 c5 4. c4 d5 5. Nc3 Nc6 6. Be2 cxd4 7. exd4 dxc4 8. Bxc4 Be7 9. 0-0 0-0 10. Bf4 a6 11. Rc1 b5 12. Bd3 Bb7 13. Bc2 Nb4 14. Bb1 Rc8 15. a3 Nbd5 16. Nxd5 Nxd5 17. Bg3 Rxc1 18. Qxc1 Qb6 19. Qc2 f5 20. Qd2 f4 21. Qd3 g6 22. Ne5 fxg3 23. Qxg3 Rf6 24. Nd7 Qc7 25. Nxf6+ Bxf6 26. Qg4 Qc6 27. Re1 Nf4 28. Re4 Qc1+ 29. Re1 Qxe1# 0-1